The pharmacological basic of therapeutics
Bewaard in:
| Formaat: | Boek |
|---|---|
| Taal: | Undetermined |
| Gepubliceerd in: |
New York
Macmillan
1975
|
| Onderwerpen: | |
| Tags: |
Voeg label toe
Geen labels, Wees de eerste die dit record labelt!
|
| Thư viện lưu trữ: | Trung tâm Học liệu Trường Đại học Cần Thơ |
|---|
| LEADER | 00398nam a2200145Ia 4500 | ||
|---|---|---|---|
| 001 | CTU_7414 | ||
| 008 | 210402s9999 xx 000 0 und d | ||
| 082 | |a 615.5 | ||
| 082 | |b P536 | ||
| 245 | 4 | |a The pharmacological basic of therapeutics | |
| 260 | |a New York | ||
| 260 | |b Macmillan | ||
| 260 | |c 1975 | ||
| 650 | |a pharmacology,therapeutics | ||
| 980 | |a Trung tâm Học liệu Trường Đại học Cần Thơ | ||